000 00707nam a2200265Ia 4500
005 20260121165125.0
008 008 260114s9999 xx 000 0 eng d
020 _a9781137594723
037 _aEBOOK
040 _aCRL
040 _beng
040 _cCRL
041 _2eng
041 _aeng
084 _qCRL
100 _aMaria João Rosa, Cláudia S. Sarrico, Orlanda Tavares, Alberto Amaral
_91047826
245 0 _aCross-Border Higher Education and Quality Assurance
260 _bSpringer
260 _bSpringer
260 _c2016
856 _uhttps://link.springer.com/openurl?genre=book&isbn=978-1-137-59472-3
942 _cEBOOK
999 _c1613551
_d1613551